000 00818cab a2200265 4500
001 ABS47661
008 090401t1992 xxu||||| |||| 00| 0 eng d
035 _a(Sirsi) u62903
041 _aeng
100 _aCalpin, D.
245 _aPutting a roof on housing transfers
260 _c1992
350 _a0
490 _aMunicipal Journal
_v(48) 27 November 1992, 20(1)
520 _aReviews the `Local Authority Housing in England Voluntary Transfers` consultation paper which proposes new limits for voluntary transfer of council housing stock.
650 _aCOUNCIL HOUSING
650 _aHOUSING ASSOCIATIONS
650 _aHOUSING STOCK
650 _aLOCAL AUTHORITIES
650 _aTRANSFER
650 _aVOLUNTARY TRANSFER
690 _aBlock management
_96220
942 _n0
948 _c04/03/1997
999 _c39079
_d39079